Shiksha ke aayam (Record no. 438513)

000 -LEADER
fixed length control field 00372cam a22001337a 4500
008 - FIXED-LENGTH DATA ELEMENTS--GENERAL INFORMATION
fixed length control field 180718b1995 xxu||||| |||| 00| 0 eng d
020 ## - INTERNATIONAL STANDARD BOOK NUMBER
International Standard Book Number 81 7315 109 1
082 ## - DEWEY DECIMAL CLASSIFICATION NUMBER
Classification number P14x54 SH23
100 ## - MAIN ENTRY--PERSONAL NAME
Personal name Sharma, Shanker Dayal
245 ## - TITLE STATEMENT
Title Shiksha ke aayam
Statement of responsibility, etc. by Shanker Dayal Sharma
260 ## - PUBLICATION, DISTRIBUTION, ETC.
Place of publication, distribution, etc. Delhi Parkashan
Name of publisher, distributor, etc. Parbhat Parkashan
Date of publication, distribution, etc. 1995
300 ## - PHYSICAL DESCRIPTION
Extent 131
650 ## - SUBJECT ADDED ENTRY--TOPICAL TERM
Topical term or geographic name entry element Education-India
Holdings
Withdrawn status Lost status Damaged status Not for loan Permanent Location Current Location Date acquired Full call number Barcode Date last seen Price effective from Koha item type
        Indian Institute of Public Administration Indian Institute of Public Administration 2010-04-09 P14x54 SH23 70337 2018-07-21 2018-07-21 Book

Powered by Koha